000
00337 a2200145 4500
001
149900
020
_a
8508087462
040
_c
Escola São Tomás de Aquino
100
_a
CINQUETTI, Nicola
240
1
0
_a
Romeu e Julieta
_l
por
245
1
0
_a
Romeu e Julieta
362
0
_a
2003
697
_a
*LITERATURA INFANTO JUVENIL
942
_c
BK
999
_c
149900
_d
149900